| 000 | 00525nmm a2200169Ia 4500 | ||
|---|---|---|---|
| 008 | 251105s9999||||xx |||||||||||||||||und|| | ||
| 020 | _a9788437071992 | ||
| 041 | _aspa | ||
| 100 | _aAlonso Martos, Andrés | ||
| 245 | 0 |
_aEmmanuel Lévinas : _b La filosofía como ética |
|
| 264 |
_a[Madrid, España] : _bPublicaciones de la Universidad de Valencia (PUV), _c2008 |
||
| 300 | _a292 páginas | ||
| 490 | _aOberta | ||
| 650 | _aPhilosophy, Ethics | ||
| 856 | _uhttps://public.digitaliapublishing.com/a/34706 | ||
| 942 | _cCF | ||
| 999 |
_c82437 _d82437 |
||